Author Index and Analitic Subject Index to Vol. 37 (1966); Journal of Applied Physics

Xehetasun bibliografikoak
Parent link:Journal of Applied Physics: журнал. Author Index and Analitic Subject Index to Vol. 37 (1966).— , 1942, 1944-1974, 1976-1991, 1994-1995, 1997-2002.— 0021-8979
Hizkuntza:ingelesa
Argitaratua: 1966
Sarrera elektronikoa:http://ojps.aip.org/japo/
Formatua: MixedMaterials Baliabide elektronikoa Liburua
KOHA link:https://koha.lib.tpu.ru/cgi-bin/koha/opac-detail.pl?biblionumber=557684

MARC

LEADER 00000nam2a2200000 4500
001 557684
005 20231101122204.0
035 |a (RuTPU)RU\TPU\prd\252196 
035 |a RU\TPU\prd\252195 
090 |a 557684 
100 |a 20160215a19669999k y0engy50 ba 
101 1 |a eng 
102 |a US 
200 0 |a Author Index and Analitic Subject Index to Vol. 37 (1966) 
210 |d 1966 
461 1 |0 (RuTPU)RU\TPU\prd\38  |x 0021-8979  |t Journal of Applied Physics  |o журнал  |v Author Index and Analitic Subject Index to Vol. 37 (1966)  |d 1942, 1944-1974, 1976-1991, 1994-1995, 1997-2002 
801 0 |a RU  |b 63413507  |c 20010227  |g PSBO 
801 1 |a RU  |b 63413507  |c 20020228  |g PSBO 
801 2 |a RU  |b 63413507  |c 20160217  |g PSBO 
856 4 0 |u http://ojps.aip.org/japo/ 
942 |c BK 
999 |a НТБ_ТПУ  |b НФ  |e -19/20150916  |p П-3764  |u 0,00  |v 1